| 000 | 00437nam a2200157 a 4500 | ||
|---|---|---|---|
| 001 | 5138 | ||
| 003 | CDMR | ||
| 005 | 20131125173609.0 | ||
| 008 | 130130s1966||||||||||||||||||||||||||||d | ||
| 040 |
_aCDMR _bcat _cCDMR |
||
| 245 | 0 | _aLey de Prensa e Imprenta y decretos para su aplicación | |
| 260 |
_aBarcelona _c1966 _bAyuntamiento de Barcelona |
||
| 300 | _a53 p. | ||
| 650 | 0 | 4 |
_94383 _aPremsa _xDret i legislació _zEspanya |
| 942 |
_cMON _2udc |
||
| 999 |
_c5138 _d5138 |
||